Theories of figures of celestial bodies /

Bibliographic Details
Main Author: Jardetzky, Wenceslas S., 1896-1962
Format: Book
Language:English
Published: New York : Interscience, [1958]
Subjects:

MARC

Tag First Indicator Second Indicator Subfields
LEADER 00000cam a2200000 4500
001 in00000047092
005 20151007065423.0
008 750602s1958 nyu b 00000 eng u
010 |a  58009221  
035 |a (OCoLC)01368211 
035 |9 AAE1962AM 
040 |c GAT  |d TXA  |d UtOrBLW 
049 |a TXAM  |c [303296] 
050 0 0 |a QB351  |b .J3 1958 
082 0 |a 521.1 
092 |a 521.1  |b J37t 
100 1 |a Jardetzky, Wenceslas S.,  |d 1896-1962. 
245 1 0 |a Theories of figures of celestial bodies /  |c With a foreword by Otto Struve. 
264 1 |a New York :  |b Interscience,  |c [1958] 
300 |a 186 pages :  |b illustrations ;  |c 24 cm. 
336 |a text  |b txt  |2 rdacontent 
337 |a unmediated  |b n  |2 rdamedia 
338 |a volume  |b nc  |2 rdacarrier 
504 |a Includes bibliography. 
536 |a From the library of Dr. Takashi Ichiye, May 2004. 
650 0 |a Celestial mechanics. 
999 |a MARS 
999 f f |s d6fcfe8e-fae4-3185-9261-ee457fb1a846  |i 4d992453-0c13-350b-86f6-b95709061ce0  |t 0 
952 f f |p ric  |a Texas A&M University  |b Rellis Campus  |c Joint Library Facility  |s JLF  |d Remote Storage  |t 0  |e QB351 .J3 1958  |h Library of Congress classification  |i unmediated -- volume  |m A14831987355 
998 f f |a QB351 .J3 1958  |t 0  |l Remote Storage